000 00417nam a22001697a 4500
003 CEME
005 20210628201949.0
008 210129b xxu||||| |||| 00| 0 eng d
040 _c.
082 _a954.91 TAQ
100 _aTaqi Ud Din. Hafiz
_957622
245 _aGeneral say general taak
260 _aLAHORE
_bCLASSIC
_c2003
300 _a525P
650 _aPAKISTAN-POLITICAL HISTORY
_957623
942 _cBK
_2ddc
999 _c567891
_d567891